County government in Virginia : a legislative history, 1607-1904.

Bibliographic Details
Main Author: Porter, Albert Ogden, 1897-
Format: Thesis Book
Language:English
Published: New York : [Columbia Univ. Press], 1947.
Subjects:

MARC

Tag First Indicator Second Indicator Subfields
LEADER 00000cam a2200000 4500
001 in00000055069
005 20151008052148.0
008 800509s1947 nyu 00000 eng d
010 |a  47030741  
035 |a (OCoLC)06302527 
035 |9 AAH1988AM 
040 |a TXA  |c TXA  |d UtOrBLW 
049 |a TXAM  |c [337700] 
090 |a H31  |b .C7 no. 526 
092 |a 352.0755  |b P844c 
100 1 |a Porter, Albert Ogden,  |d 1897- 
245 1 0 |a County government in Virginia :  |b a legislative history, 1607-1904. 
264 1 |a New York :  |b [Columbia Univ. Press],  |c 1947. 
300 |a 356 pages 
336 |a text  |b txt  |2 rdacontent 
337 |a unmediated  |b n  |2 rdamedia 
338 |a volume  |b nc  |2 rdacarrier 
502 |c Columbia University. 
650 0 |a County government  |z Virginia. 
999 |a MARS 
999 f f |s 44c8ea0d-7852-30fd-8a12-6db9fd1caa0b  |i dc4ec17b-221c-33b8-8b94-a6bd82481a2e  |t 0 
952 f f |p ric  |a Texas A&M University  |b Rellis Campus  |c Joint Library Facility  |d Remote Storage  |t 0  |e H31 .C7 no. 526  |h Library of Congress classification  |i unmediated -- volume  |m A14800797078 
998 f f |a H31 .C7 no. 526  |t 0  |l Remote Storage